Градът (Запис номер 342502)
[ съкратено ]
| 000 -Лидер | |
|---|---|
| Контролно поле с фиксирана дължина | 00969nam a2200301 c 4500 |
| 003 - Код на организацията, давaща контролен номер | |
| Контролно поле | BLK |
| 005 - Дата и час на последна редакция | |
| Контролно поле | 20190913121202.0 |
| 008 - Елементи от данни с фиксирана дължина | |
| fixed length control field | 180911b bul|||||r ||||||| ||bul|| |
| 010 ## - Наследен системен номер | |
| LC control number | 002141 |
| 040 ## - Източник на каталожния запис | |
| Идентификатор на билиотеката - собственик на записа | BLK |
| 041 ## - Код за език | |
| Код за езика на текст/звукозапис или на отделно заглавие | Български |
| 080 ## - УДК | |
| УДК - код + определител | 886.7-1 |
| 100 1# - Редна дума - Автор | |
| Автор | РАЙНОВ, Николай |
| Авторска отговорност | първи автор |
| 245 00 - Сведения за заглавието | |
| Заглавие | Градът |
| 246 ## - Различни форми на заглавието | |
| Паралелно заглавие | Поема на тайните |
| Наименование на поредна част от произведението | епос-поеми |
| 260 ## - Област на издателските данни | |
| Място на издаване, разпространение и проч. | София |
| Име на издателя, разпространителя и проч. | Стоян Атанасов |
| Година на издаване | 1918 |
| 300 ## - Физическа характеристика | |
| Страници | 175 с |
| Илюстрации и др. | с ил. |
| Размери/Мащаб | 17 см |
| 380 ## - Жанр | |
| Жанр | Литературознание |
| 490 ## - СЕРИИ (Колекции) | |
| Име на серия | Частна колекция - Академик Михаил Арнаудов |
| Бележки за серията | Дарение - Основен фонд |
| 653 ## - Ключова дума – ненормативна | |
| 9 (RLIN) | |
| Ключова дума | епос |
| 653 ## - Ключова дума – ненормативна | |
| 9 (RLIN) | |
| Ключова дума | поеми |
| 650 ## - Допълнително описание по предмет – тема | |
| Основно описание – тема или топоним | Поезия |
| 655 ## - Ключова дума – жанр/разновидност | |
| Данни за жанр/разновидност или ключова дума за фокус | българска литература |
| 700 1# - Други автори (авторска отговорност) | |
| Лично име | Николай Райнов |
| 700 1# - Други автори (авторска отговорност) | |
| Лично име | Николай Райнов |
| Автороска отговорност (Описва отношението между автора и произведението) | Худож. |
| 852 ## - Местоположение | |
| Форматна сигнатура | МА 2750 |
| 942 ## - АРТИКУЛИ | |
| Вид на библиотечния материал | Книги |
| Скрит в OPAC | Не |
| 944 ## - СЪЗДАВАНЕ И РЕДАКЦИЯ на ЗАПИСА | |
| Създаване/Редакция | Създаване |
| Дата на регистрацията/редакция | 1997 |
| Служител, извършил регистрацията/редакцията | ValK |
| 999 ## - СИСТЕМНИ КОНТРОЛНИ НОМЕРА | |
| Koha biblionumber | 342502 |
| Koha biblioitemnumber | 342502 |
| Код за отписване | Код за изгубен артикул | Източник на класификационната схема | Код за повреда | Коз за рестрикции | Код за отдаване | Артикулен № | Име на библиотеката - собственик | Име на библиотеката, в която се намира в момента | Статус (Текущо местоположение) | Местоположение - отдел | Цена в лева | Номерация (Хронология) | Инвентарен номер | Систематично азбучна сигнатура | Баркод | Номер на екземпляра | Цена в евро | Служебен тип на артикула | Дата на вписване в системата |
|---|---|---|---|---|---|---|---|---|---|---|---|---|---|---|---|---|---|---|---|
| Не е изгубен | Universal Decimal Classification | Не е повреден | без рестрикции | Специални фондове ( старопечатни, редки и ценни, фонд М. Арнаудов) | 742566 | Регионална библиотека "Любен Каравелов" Русе | Регионална библиотека "Любен Каравелов" Русе | Фонд "Михаил Арнаудов" | Фонд "Михаил Арнаудов" | 5.50 | 589943 | МА 2750 | 120000589943 | 1 | 2.81 | Книги | |||
| Не е изгубен | Universal Decimal Classification | Не е повреден | само за читалня | ползва се в читалня | 839124 | Регионална библиотека "Любен Каравелов" Русе | Регионална библиотека "Любен Каравелов" Русе | Хранилище | Основен фонд - ползва се само за читалня | 0.15 | 4999 | Цб 8.150.4999 | 900000065769 | 0.08 | Книги | 2021-06-25 |